00512 a2200157 4500010001400000020002600014035001300040037001500053082001200068100002300080245005400103260004400157270011400201300002000315500001900335 aENG-86576 a9788124112656c295.00 aEN-70109 bDBAD / PUB14a303.482 aJahanbegloo, Ramin1 aThe clash of intolerances /cby Ramin Jahanbegloo aNew DelhibHar-Anand Publicationsc2007 aE-49/3, Okhla Industrial Area, Phase-II,bNew Delhie110 020k41603490l011-41708607mharanand@rediffmail.com a156pc21cm (Hb) aIncludes index